000 00363pam a2200157a 44500
008 230515b1976 xxu||||| |||| 00| 0 eng d
020 _aNULL
041 _aENGLISH
082 _a630
100 _aBOUGUSLAVSKY B J
245 _aAUTOMATIC & SEMI-AUTOMATIC LATHES
250 _a2
260 _aDELHI
_bPEASON EDUCATION
_c1976
300 _a454
650 _aNULL
999 _c651441
_d651441